| 000 | 00348nam a2200133Ia 4500 | ||
|---|---|---|---|
| 008 | 240624s9999 xx 000 0 und d | ||
| 041 | _aeng | ||
| 082 | _a330 RUS | ||
| 100 | _aRUSYDI M | ||
| 245 | _aQUANTITATIVE EXCHANGE RATE ECONOMICS IN | ||
| 260 |
_c2007 _aNew Delhi _bPan Macmillan |
||
| 300 | _axvii, : 152 : p. : cm. ; 21 | ||
| 365 |
_cBPS _b38 |
||
| 999 |
_c28360 _d28360 |
||